000 00407nam a22001217a 4500
040 _cHS
082 _a634
100 _aអ៊ុក ស៊ីផាន
245 _aសារពើភ័ណ្ឌ និង ការវាស់វែងព្រៃឈើ Practical guidelines on forest inventory and measurement
260 _aCambodia
_bអ៊ុក ស៊ីផាន
_c2004
300 _a97p;
942 _cKB
999 _c9179
_d9179